Guide Dogs / (Record no. 177149)

MARC details
000 -LEADER
fixed length control field 01619nam a22003371ib4500
003 - CONTROL NUMBER IDENTIFIER
control field OSt
005 - DATE AND TIME OF LATEST TRANSACTION
control field 20200517084721.0
008 - FIXED-LENGTH DATA ELEMENTS--GENERAL INFORMATION
fixed length control field 200513t20192019nyubo j 001 0 eng d
020 ## - INTERNATIONAL STANDARD BOOK NUMBER
International Standard Book Number 9781489677228
Qualifying information hardback
Terms of availability RM121.45
040 ## - CATALOGING SOURCE
Original cataloging agency PPAK
Language of cataloging eng
Transcribing agency PPAK
Description conventions rda
082 04 - DEWEY DECIMAL CLASSIFICATION NUMBER
Classification number 362.4183
Edition number 23
090 00 - LOCALLY ASSIGNED LC-TYPE CALL NUMBER (OCLC); LOCAL CALL NUMBER (RLIN)
Classification number (OCLC) (R) ; Classification number, CALL (RLIN) (NR) 362.4183
Feature heading LAU
Feature heading K
100 1# - MAIN ENTRY--PERSONAL NAME
Personal name Laughlin, Kara L.,
Relator term author.
245 10 - TITLE STATEMENT
Title Guide Dogs /
Statement of responsibility, etc. Kara L. Laughlin.
264 #1 - PRODUCTION, PUBLICATION, DISTRIBUTION, MANUFACTURE, AND COPYRIGHT NOTICE
Place of production, publication, distribution, manufacture New York, NY :
Name of producer, publisher, distributor, manufacturer AV2 by Weigl,
Date of production, publication, distribution, manufacture, or copyright notice [2019]
Date of production, publication, distribution, manufacture, or copyright notice ©2019
300 ## - PHYSICAL DESCRIPTION
Extent 24 pages :
Other physical details chiefly colour photographs ;
Dimensions 26 cm
336 ## - CONTENT TYPE
Source rdacontent
Content type term text
Source rdacontent
Content type term still image
337 ## - MEDIA TYPE
Source rdamedia
Media type term unmediated
338 ## - CARRIER TYPE
Source rdacarrier
Carrier type term volume
490 1# - SERIES STATEMENT
Series statement Dogs with jobs
500 ## - GENERAL NOTE
General note Includes index.
505 ## - FORMATTED CONTENTS NOTE
Formatted contents note It started with a buddy -- Guide dogs for the blind -- Guide dogs for the deaf -- Guide dogs for others -- Learning to lead -- Nellie, the hearing dog hero -- What makes a good guide dog? -- Minding manners -- Quiz.
520 ## - SUMMARY, ETC.
Summary, etc. "Did you know that seizure-alert dogs are one of only a few types of service dogs given to children? Some seizure dogs even go to school with their owners. Learn more about the work these dogs do in Seizure-Alert Dogs, a title in the Dogs with Jobs series. Each title in this series profiles a specific type of working dog, showcasing the role it performs and the training required to get the job done"
Assigning source Publisher description.
521 ## - TARGET AUDIENCE NOTE
Target audience note Grades 4-6.
650 #0 - SUBJECT ADDED ENTRY--TOPICAL TERM
Topical term or geographic name entry element Guide dogs
Form subdivision Juvenile literature.
800 ## - SERIES ADDED ENTRY--PERSONAL NAME
Personal name Laughlin, Kara L.
Title of a work Dogs with jobs
830 #0 - SERIES ADDED ENTRY--UNIFORM TITLE
Uniform title Dogs with jobs (AV2 by Weigl)
942 ## - ADDED ENTRY ELEMENTS (KOHA)
Source of classification or shelving scheme Dewey Decimal Classification
Koha item type Audio Visual Books
Holdings
Withdrawn Not for loan Current library Shelving location Date acquired Full call number Barcode Date last seen Koha item type
    Perpustakaan Alor Setar Pinjaman Kanak-kanak 11/06/2020 K 362.4183 LAU A01642268 11/06/2020 Audio Visual Books